Представление документа в формате RUSMARC

ПолеНазваниеЗначение
  Тип записи a
  Библиографический уровень m
001 Контрольный номер UONB/MAIN/347ba07be22e4ac69bd7f34e5df55d4b
005 Дата корректировки 20260423100136.1
010 Индекс ISBN __
d Цена 1 р.
9 Тираж 500 экз.
100 Данные общей обработки __
a Данные общей обработки 20260423d1987 u y0rusy0189 ca
101 Язык документа 0_
a Язык текста rus
102 Страна публикации __
a Страна публикации RU
105 Кодированные данные (монография) __
a Кодированные данные (монография) y z 000yy
200 Заглавие и сведения об ответственности 1_
a Заглавие Экономический механизм повышения эффективности сельскохозяйственного производства в системе АПК
e Сведения, относящиеся к заглавию сборник научных трудов
f Первые сведения об ответственности Днепропетровский сельскохозяйственный институт
g Последующие сведения об ответственности ответственный редактор В. Я. Олейник [и др.]
203 Вид содержания и тип средства __
a Вид содержания Текст
b Характеристика содержания визуальный
c Тип средства непосредственный
210 Выходные данные 1_
a Место издания Днепропетровск
c Издательство Днепропетр. СХИ
d Дата издания 1987
215 Физическое описание __
a Объем 173 с.
d Формат 20 см
606 Тематические рубрики 0_
a Основная рубрика Экономическая эффективность сельскохозяйственного производства
j Формальный подзаголовок Сборники
610 Ключевые слова 0_
a Ключевые слова сельскохозяйственное производство; экономическая эффективность сельскохозяйственного производства; АПК
686 Индексы других классификаций __
a Классификационный индекс 65.9(2)32-07я43
2 Код системы rubbk
702 Вторичная интеллектуальная ответственность _1
a Фамилия Олейник
b Имя (инициалы) В. Я.
g Полное личное имя Виктор Яковлевич
4 Код отношения 340
712 Наименование организации (Вторичная ответственность) 02
a Организация/ юрисдикция Днепропетровский сельскохозяйственный институт
4 Код отношения 570
801 Источник записи _0
a Страна RU
b Организация Ульяновская ОНБ
c Дата составления 20260423
g Правила каталогизации RCR
801 Источник записи _1
a Страна RU
b Организация Ульяновская ОНБ
c Дата составления 20260423
g Правила каталогизации RCR
901 Тип документа __
t Тип документа m
909 Создатель записи __
a Создатель записи Батталова
b Дата создания записи 20260423